1348 1467 1823 1863 1810 1544 1263 1270 1734 1163 1309 1158 1407 1952 1412 1787 1014 1432 1747 1815 1710 1300 1817 1885 1190 1148 1333 1748 1434 1725 1843 1606 1765 1694 1332 1068 1869 1015 1941 1234 1947 1631 1689 1019 1077 1969 1256 1777 1612 1533 1980 1987 1972 1533 1902 1042 1149 1127 1050 1962 1892 1047 1504 1168 1294 1060 1303 1122 1049 1186 1422 1799 1902 1411 1073 1079 1301 1113 1951 1922 1984 1518 1030 1562 1295 1029 1977 1289 1755 1830 1071 1795 1036 1178 1189 1231 1082 1460 1389 BCNSPRNW ULIB Ver.6.0+V

เปลี่ยนเป็นภาษาไทย

Change to English
 แสดงรายละเอียดบรรณานุกรม
  กลับหน้าหลัก

Brief Record : Get Marc (ISO 2709) : E-mail record : QR code < ปิดหน้าต่าง
LEADER : 00000nam 2200000uu 4500
001    13399111503
003     ULIB
008    110629s2547||||th 000 0 tha d
020    9749584783
060  4 QV^bค111ย
100 0  คณะเภสัชศาสตร์ มหาวิทยาลัยรังสิต ร่วมกับ สำนักงานคณะกรรมการอาหารและยา
245 00 ยาและโรคในระบบทางเดินอาหาร /^c เขียนโดยคณะเภสัชศาสตร์ มหาวิทยาลัยรังสิต ร่วมกับ สำนักงานคณะกรรมการอาหารและยา
260    ปทุมธานี :^bนิวไทยมิตรการพิมพ์,^c2547
300    254 หน้า
650  0 ยา
650  0 โรคในระบบทางเดินอาหาร
945    ^p250^l0^i12963
945    ^p250^l0^i12964
945    ^p250^l0^i12763
945    ^p250^l0^i12764
995    กัณชพร
999 ^a ใช้งานได้ทุกระบบ
รายการนี้ยังไม่มีแท็ก
คุณยังไม่ได้ล็อกอิน คุณสามารถมีกิจกรรมร่วมกับเว็บไซต์ได้ แต่ต้องล็อกอินก่อน ::
  ล็อกอิน

รายการสื่อสารสนเทศ

ลำดับที่ ประเภท เลขเรียก/บาร์โค้ด สถานที่ สถานะ
1. วิทยาศาสตร์การแพทย์ และสุขภาพ
วิทยาศาสตร์การแพทย์ และสุขภาพ
QV ค111ย ฉ.4 
  Barcode: 12764
ห้องสมุดวิทยาเขตสวรรค์ประชารักษ์
►หนังสือทั่วไป
บนชั้น

รายการใกล้เคียง
    หัวเรื่อง [ยา]

BibComment


ยังไม่เคยถูกคอมเมนท์

คอมเมนท์ทรัพยากรรายการนี้
  คอมเมนท์: ยาและโรคในระบบทาง..


 Copyright 2026. Bcnsprnw @Library